00975nam a22002657a 450000500170000001000130001702000220003003500130005203700160006504000120008108200160009310000290010924500970013825000110023526000490024627000430029530000310033850000520036965000340042165000220045570000260047794200250050399900190052895201620054720170124110157.0 aA-816765 c00.00a0070370893 aA-816765 bCen Lib/Ret aDPLbEN a656.72bDOB aDobler, Donald W.935222 aPurchasing and supply management :cby Donald W Dobler [and] David N. Burtbtext and cases / a6th ed bTata McGraw-Hill PublishingaNew Delhic1996 bNew Delhia4/12, Asaf Ali Roade110002 axx,963p. :c22cm(Hb)bill. aIncludes bibliographical references and index  aIndustrial procurement926169 aPurchasing935223 aBurt, David N.935224 2ddccENh656.72mDOB c132599d132599 04104070aLbLd2015-07-23eCen Lib/Retg0.00l0o656.72 DOBpA-816765r2015-07-23 00:00:00t1v0.00w2015-07-23yENzW/d List No. 6884/15 ; dtd 05/09/2020